000 00635nam a22002177a 4500
003 UA-OsUOA
001 55792
007 ta
008 20080922b un ||||| |||| 00| 0 ukr d
100 _aМельник Т.
090 _a330
_bМель
942 _cSA
040 _aUA-OsUOA
_bukr
_cUA-OsUOA
_dUA-OsUOA
245 _aЕлектронний документообіг та електронний підпис
300 _aС.47-54
955 _a0
041 _aukr
080 _a330
773 0 _w55789
_tБухгалтерський облік і аудит
_dК.
_d2008
_g7
650 7 _a330 Економіка взагалі
_2UDC
999 _c341881
_d341881